[Event "Iasi op"]
[Site "Iasi"]
[Date "2014.05.10"]
[Round "1"]
[White "Klitorakis, Ioannis"]
[Black "Andreescu, Darie Ioan"]
[Result "0-1"]
[WhiteElo "1289"]
[BlackElo "2014"]
[PlyCount "30"]
[EventDate "2014.05.10"]
[EventType "swiss"]
[EventRounds "9"]
[EventCountry "ROU"]
[SourceTitle "CBM 160 Extra"]
[Source "ChessBase"]
[SourceDate "2014.07.01"]
[SourceVersion "1"]
[SourceVersionDate "2014.07.01"]
[SourceQuality "1"]

1. c4 Nf6 2. g3 g6 3. Bg2 d5 4. cxd5 Nxd5 5. Nc3 Nb6 6. d4 Bg7 7. e3 0-0 8. Nf3 Nc6 9. 0-0 Re8 10. a3 e6 11. b4 e5 12. dxe5 Nxe5 13. Qc2 Nxf3+ 14. Bxf3 Qf6 15. Nd5 Qxf3 0-1

[Event "World Amateur-ch"]
[Site "Iasi"]
[Date "2013.04.30"]
[Round "9"]
[White "Ossa Ramirez, Jesus Antonio"]
[Black "Klitorakis, Ioannis"]
[Result "1-0"]
[WhiteElo "1778"]
[BlackElo "1259"]
[PlyCount "83"]
[EventDate "2013.04.22"]
[EventType "swiss"]
[EventRounds "9"]
[EventCountry "ROU"]
[SourceTitle "CBM 154 Extra"]
[Source "ChessBase"]
[SourceDate "2013.06.25"]
[SourceVersion "2"]
[SourceVersionDate "2013.06.25"]
[SourceQuality "1"]

1. e4 g6 2. f4 Bg7 3. Nf3 c5 4. Be2 d6 5. 0-0 Nc6 6. c3 Bg4 7. d3 e6 8. Be3 Nf6 9. Nbd2 a6 10. d4 cxd4 11. cxd4 Rc8 12. h3 Bxf3 13. Bxf3 d5 14. e5 Nd7 15. a3 Ne7 16. Rc1 Nf5 17. Bf2 Rxc1 18. Qxc1 0-0 19. b4 Qc8 20. Qb2 Qb8 21. Be2 b5 22. Nb3 Rc8 23. Nc5 Nxc5 24. bxc5 Ne7 25. Rb1 f6 26. a4 fxe5 27. fxe5 Rc7 28. axb5 axb5 29. Qxb5 Qxb5 30. Rxb5 h5 31. g4 hxg4 32. hxg4 Kh7 33. Rb6 Rc6 34. Rb7 Ng8 35. g5 Kh8 36. Bb5 Rxc5 37. dxc5 Bxe5 38. Bd7 d4 39. Bxe6 d3 40. Be3 Ne7 41. Rxe7 d2 42. Re8+ 1-0

[Event "World Amateur-ch"]
[Site "Iasi"]
[Date "2013.04.23"]
[Round "2"]
[White "Kirmeir, Andreas"]
[Black "Klitorakis, Ioannis"]
[Result "1-0"]
[WhiteElo "1771"]
[BlackElo "1259"]
[PlyCount "73"]
[EventDate "2013.04.22"]
[EventType "swiss"]
[EventRounds "9"]
[EventCountry "ROU"]
[SourceTitle "CBM 154 Extra"]
[Source "ChessBase"]
[SourceDate "2013.06.25"]
[SourceVersion "2"]
[SourceVersionDate "2013.06.25"]
[SourceQuality "1"]

1. b3 g6 2. Bb2 Nf6 3. d3 Bg7 4. Nd2 c5 5. e3 0-0 6. g3 Nc6 7. Bg2 d6 8. Ne2 Rb8 9. h3 Qc7 10. a3 b5 11. Rb1 b4 12. a4 Bb7 13. 0-0 Nd8 14. e4 e5 15. Nc4 Nc6 16. g4 Ba6 17. Ne3 Qe7 18. Bc1 h6 19. f4 exf4 20. Nxf4 Nd4 21. Nfd5 Nxd5 22. Nxd5 Qd7 23. Bxh6 Qd8 24. Bxg7 Kxg7 25. Nf6 Bc8 26. Qd2 Ne6 27. Rf2 Qe7 28. Rbf1 Bb7 29. Qe3 Rh8 30. Nd5 Bxd5 31. exd5 Qg5 32. Rxf7+ Kh6 33. Qxe6 Rbe8 34. Qxd6 Qe3+ 35. Kh1 Kg5 36. Qf6+ Kh6 37. Qh4# 1-0